Junebug / (Record no. 840)

MARC details
000 -LEADER
fixed length control field 01026nam a22003137a 4500
005 - DATE AND TIME OF LATEST TRANSACTION
control field 20231212152940.0
020 ## - INTERNATIONAL STANDARD BOOK NUMBER
International Standard Book Number 0374339643
020 ## - INTERNATIONAL STANDARD BOOK NUMBER
International Standard Book Number 9780545360722
040 ## - CATALOGING SOURCE
Original cataloging agency DLC
Transcribing agency DLC
Modifying agency DLC
Language of cataloging eng
050 00 - LIBRARY OF CONGRESS CALL NUMBER
Classification number PZ7.M47887
Item number Ju 1995
082 00 - DEWEY DECIMAL CLASSIFICATION NUMBER
Classification number 808.899
Edition number 20
100 1# - MAIN ENTRY--PERSONAL NAME
Personal name Mead, Alice.
245 10 - TITLE STATEMENT
Title Junebug /
Statement of responsibility, etc. Alice Mead.
250 ## - EDITION STATEMENT
Edition statement 1st ed.
260 ## - PUBLICATION, DISTRIBUTION, ETC.
Place of publication, distribution, etc. New York :
Name of publisher, distributor, etc. Scholastic,
Date of publication, distribution, etc. 1995.
300 ## - PHYSICAL DESCRIPTION
Extent 102 pages :
Dimensions 20 cm.
505 ## - FORMATTED CONTENTS NOTE
Formatted contents note N <br/>
520 ## - SUMMARY, ETC.
Summary, etc. An inquisitive young boy who lives with his mother and younger sister in a rough housing project in New Haven, Connecticut, approaches his tenth birthday with a mixture of anticipation and worry.
521 ## - TARGET AUDIENCE NOTE
Target audience note 570 <br/>
Source Lexile <br/>
521 ## - TARGET AUDIENCE NOTE
Target audience note N <br/>
Source Raz-Plus <br/>
650 #1 - SUBJECT ADDED ENTRY--TOPICAL TERM
Topical term or geographic name entry element Single-parent families
Form subdivision Fiction.
650 #1 - SUBJECT ADDED ENTRY--TOPICAL TERM
Topical term or geographic name entry element Siblings
Form subdivision Fiction.
650 #1 - SUBJECT ADDED ENTRY--TOPICAL TERM
Topical term or geographic name entry element Inner cities
Form subdivision Fiction.
650 #1 - SUBJECT ADDED ENTRY--TOPICAL TERM
Topical term or geographic name entry element City and town life
Form subdivision Fiction.
650 #1 - SUBJECT ADDED ENTRY--TOPICAL TERM
Topical term or geographic name entry element African Americans
Form subdivision Fiction.
906 ## - LOCAL DATA ELEMENT F, LDF (RLIN)
a 7
b cbc
c orignew
d 1
e ocip
f 19
g y-gencatlg
942 ## - ADDED ENTRY ELEMENTS (KOHA)
Source of classification or shelving scheme Dewey Decimal Classification
Koha item type Books
Suppress in OPAC No
999 ## -
-- 840
-- 840
Holdings
Withdrawn status Lost status Source of classification or shelving scheme Damaged status Not for loan Collection Home library Current library Shelving location Date acquired Total Checkouts Full call number Barcode Date last seen Copy number Price effective from Koha item type Date last checked out
    Dewey Decimal Classification     Fiction Footprints International School Library Network Toul Kork Campus Footprints International School Library Network Toul Kork Campus TK Primary Library Room(4th Floor), Bookcase 3&4, Shelves 17-32, Yellow Books 07/11/2023   MEA Fic 808.899 PZ7.M47887 FISTK04913 07/11/2023 1 07/11/2023 Books  
    Dewey Decimal Classification     Fiction Footprints International School Library Network Toul Kork Campus Footprints International School Library Network Toul Kork Campus   12/12/2023 7 MEA 808.899 PZ7.M47887 FIS05604 09/18/2024 2 07/11/2023 Books 09/11/2024
    Dewey Decimal Classification     Fiction Footprints International School Library Network Toul Kork Campus Footprints International School Library Network Toul Kork Campus   05/21/2024   MEA 808.899 PZ7.M47887 2024-0663 05/21/2024 3 05/21/2024 Books